| 000 | 00456cam a2200181ua 4500 | ||
|---|---|---|---|
| 001 | 5082 | ||
| 005 | 20260515113831.0 | ||
| 008 | 120303n ii |||gr||||Z||||||eng | ||
| 040 | _cMAIN | ||
| 082 | _a823 | ||
| 100 |
_aThackeray, William Makepeace, _eAuthor., |
||
| 245 | 1 | 1 |
_aVanity fair _cby William Makepeace Thackeray |
| 250 | _a1st. | ||
| 260 |
_aNew Delhi: _bS. Chand & company. |
||
| 300 |
_a124p: _c15cm. |
||
| 653 | _aEnglish fiction | ||
| 942 | _cBK | ||
| 999 |
_c4262 _d4262 |
||